Neue Lebensansichten eines Katers ; Juninachmittag : Erzählungen /

Uložené v:
Podrobná bibliografia
Hlavný autor: Wolf, Christa (Author)
Ďalší autori: Schmitt, Hans-Jürgen (Author of introduction, etc.)
Médium: Kniha
Jazyk:German
Vydané: Stuttgart : Phillip Reclam, 1981
Edícia:Universal-Bibliothek ; Nr. 7686
ISBN: 3-15-007686-2
Fyzický popis: 68 S.
Tagy: Pridať tag
Žiadne tagy, Buďte prvý kto otaguje tento záznam!

MARC

LEADER 00000nam a2200000 a 4500
001 000479220
003 SVKK
005 20060206121437.0
008 060206s1981 e gero
020 |a 3-15-007686-2 
040 |a KE001  |b ger 
080 |a 830-3  |2 undef 
100 1 |a Wolf, Christa  |4 aut 
245 1 0 |a Neue Lebensansichten eines Katers ;  |b Juninachmittag : Erzählungen /  |c Christa Wolf ; Nachwort von Hans-Jürgen Schmitt 
260 |a Stuttgart :  |b Phillip Reclam,  |c 1981 
300 |a 68 S. 
440 0 |a Universal-Bibliothek ;  |v Nr. 7686 
700 1 |a Schmitt, Hans-Jürgen  |4 aui 
740 0 9 |a Juninachmittag 
850 |a KE001 
998 |a KN 
992 |a AUL 
090 |g SCKGI  |k Študovňa GI  |a 830-3 WOL  |j 4709/97  |i 2720001269  |4 zastaraná  |s Vyradená